Biblioteca

Un modelo para investigación documental : Guía teórico-práctica sobre construcción de estados del arte con importantes reflexiones sobre la investigación / Consuelo Hoyos Botero (Registro nro. 41152)

Detalles MARC
000 -LÍDER
Campo fijo de descripción fija 007690000a22001930004500
020 ## - NÚMERO INTERNACIONAL NORMALIZADO PARA LIBROS
Número Internacional Normalizado del libro 958-9100-32-5
041 0# - CÓDIGO DE IDIOMA
Código de idioma para texto/pista de sonido o título separado
082 04 - NÚMERO DE CLASIFICACIÓN DECIMAL DEWEY
Número de clasificación G 001.4 H8689m
001 - NÚMERO DE CONTROL
Campo de control 12124
100 1# - ASIENTO PRINCIPAL--NOMBRE PERSONAL
Nombre personal Hoyos Botero, Consuelo
245 10 - TÍTULO
Título del Material Un modelo para investigación documental : Guía teórico-práctica sobre construcción de estados del arte con importantes reflexiones sobre la investigación / Consuelo Hoyos Botero
260 ## - PUBLICACIÓN, DISTRIBUCIÓN, ETC. (PIE DE IMPRENTA)
Lugar de publicación, distribución, etc. Medellín : Señal
300 ## - DESCRIPCIÓN FÍSICA
Extensión 118 Pag
336 ## - CONTENT TYPE
Content type term texto
Content type code txt
Source rdacontent
337 ## - MEDIA TYPE
Source rdamedia
Media type term sin mediación
Media type code n
338 ## - CARRIER TYPE
Source rdacarrier
Carrier type term volumen
Carrier type code nc
505 00 - NOTA DE CONTENIDO
Nota de contenido con formato preestablecido Preliminares: hacia una cultura de investigación -- Aproximación teórica a los estados del arte -- Guía practica para la construcción de estados del arte
942 ## - TIPO DE MATERIAL (KOHA)
Tipo de Item KOHA Libros General
Existencias
Estado de Material Estado de Perdido Estado de Dañado No para Préstamo Colección Tomo Biblioteca de Origen Biblioteca Permanente Fecha de Adquisición Total de Préstamos Total de Renovaciones Signatura Topográfica Código de Barras Última vez visto Última vez Préstado Ejemplar/Existencia Fecha de Remplazo Tipo de Material
        Colección General   Biblioteca FUSBC Biblioteca FUSBC 24/06/2005 2 1 G 001.4 H8689m 15248 06/06/2023 07/07/2022 1 26/01/2016 Libros General

Biblioteca FUSBC | Teléfono: (57+4) 349 88 10 Ext. 141| WhatsApp (+57) 3005338115 
E-mail: biblioteca@unisbc.edu.co | Calle 76 87-14 Robledo Palenque, Medellín, Colombia

Con tecnología Koha